• AIU
  • Tony Wilmot Memorial Library

Ikihango Kihyahya : imyazi miija mu'Kifu. (Record no. 41569)

MARC details
000 -LEADER
fixed length control field 00701nam a22002051a 4500
005 - DATE AND TIME OF LATEST TRANSACTION
control field 20110718133545.0
008 - FIXED-LENGTH DATA ELEMENTS--GENERAL INFORMATION
fixed length control field 091005s1999 001 0 eng d
020 ## - INTERNATIONAL STANDARD BOOK NUMBER
International Standard Book Number 9966407650 :
Terms of availability 0.00
040 ## - CATALOGING SOURCE
Original cataloging agency NEGST Library - Kenya
050 #4 - LIBRARY OF CONGRESS CALL NUMBER
Classification number BS 325.K54 1999
082 0# - DEWEY DECIMAL CLASSIFICATION NUMBER
Classification number BS 325.K54 1999
100 1# - MAIN ENTRY--PERSONAL NAME
Personal name Societe Biblique du Congo.
245 10 - TITLE STATEMENT
Title Ikihango Kihyahya : imyazi miija mu'Kifu.
260 ## - PUBLICATION, DISTRIBUTION, ETC. (IMPRINT)
Place of publication, distribution, etc Kinshasa :
Name of publisher, distributor, etc Societe Biblique du Cong,
Date of publication, distribution, etc 1999.
300 ## - PHYSICAL DESCRIPTION
Extent 648 p. : ill., m.
500 ## - GENERAL NOTE
General note "Le Nouveau Testament en Kifuliiru." - T.p. verso. [Africana]
600 10 - SUBJECT ADDED ENTRY--PERSONAL NAME
Personal name Bible. N.T. Kifuliiru. 1999.
600 10 - SUBJECT ADDED ENTRY--PERSONAL NAME
Personal name Kifuliiru language - Texts.
852 ## - LOCATION/CALL NUMBER
-- 4.00
Holdings
Withdrawn status Lost status Source of classification or shelving scheme Damaged status Not for loan Collection code Home library Current library Shelving location Date acquired Cost, normal purchase price Full call number Barcode Date last seen Price effective from Koha item type
    Library of Congress Classification     Reference AIU/NEGST - Tony Wilmot Memorial Library AIU/NEGST - Tony Wilmot Memorial Library Reference 02/01/2010 4.00 REF BS 325.K54 1999 R41609Y3232 09/26/2019 02/01/2010 Africana collection ( Reference)